000 00430cam a2200181ua 4500
020 _c5.20
041 _aeng
_h
082 _a823.308
_bBUC/GR
100 _aBuchan, John .
245 _aGreenmantle /
_cJohn Buchan.
_hTextual Documents
250 _a1 /
_b.
260 _aLondon :
_bUniversity of London Press Ltd ,
_c1962.
300 _a190 ; .
365 _a5.20
504 _a
942 _cBK
999 _c7839
_d7839